[Event "SUI-chT"]
[Site "Switzerland"]
[Date "2010.06.27"]
[Round "5.4"]
[White "Lehtivaara, Petri"]
[Black "Vogt, Lothar"]
[Result "0-1"]
[WhiteElo "2359"]
[BlackElo "2427"]
[PlyCount "112"]
[EventDate "2010.02.14"]
[EventType "team-tourn"]
[EventRounds "9"]
[EventCountry "SUI"]
[SourceTitle "EXT 2011"]
[Source "ChessBase"]
[SourceDate "2010.11.26"]
[SourceVersion "1"]
[SourceVersionDate "2010.11.26"]
[SourceQuality "1"]
[WhiteTeam "Lausanne"]
[BlackTeam "Zuerich"]
[WhiteTeamCountry "SUI"]
[BlackTeamCountry "SUI"]

1. d4 Nf6 2. c4 c5 3. e3 g6 4. Nc3 Bg7 5. dxc5 Na6 6. Nge2 Nxc5 7. Nf4 Nfe4 8. Nxe4 Nxe4 9. Bd3 Qa5+ 10. Kf1 Nf6 11. Bd2 Qd8 12. h4 h5 13. Bc3 d6 14. Qb3 e5 15. Ne2 0-0 16. Rd1 Qc7 17. Bb4 Rd8 18. Nc3 Be6 19. e4 a6 20. Nd5 Bxd5 21. exd5 Bh6 22. Be2 Rac8 23. Be1 Qd7 24. Rh3 Ng4 25. Kg1 e4 26. Bxg4 Qxg4 27. Rd4 Qe2 28. Ba5 Re8 29. Qxb7 Rb8 30. Qd7 Qxb2 31. Rd1 Qc2 32. Rf1 Qxc4 33. Qxd6 Rb5 34. Bc3 Qxd5 35. Qf6 Kh7 36. Re3 Qe6 37. Qxe6 Rxe6 38. Re2 f5 39. Rd1 Rb7 40. g3 Rc6 41. Be5 Bg7 42. Bxg7 Kxg7 43. Kg2 Rbc7 44. Rdd2 Rc3 45. Rb2 Kf6 46. Red2 Ke5 47. Rd8 Rc2 48. Re8+ Kf6 49. Rb6+ R7c6 50. Reb8 Ke5 51. a4 Rxb6 52. Rxb6 e3 53. Rxa6 Rxf2+ 54. Kg1 Ra2 55. Kf1 Ke4 56. Rxg6 Kf3 0-1

[Event "FIN-chT 0910"]
[Site "Finland"]
[Date "2010.03.21"]
[Round "9.2"]
[White "Lehtivaara, Petri"]
[Black "Nyysti, Sampsa"]
[Result "1/2-1/2"]
[WhiteElo "2377"]
[BlackElo "2365"]
[PlyCount "30"]
[EventDate "2009.09.19"]
[EventType "team-tourn"]
[EventRounds "9"]
[EventCountry "FIN"]
[SourceTitle "EXT 2022"]
[Source "ChessBase"]
[SourceDate "2021.10.06"]
[SourceVersion "1"]
[SourceVersionDate "2021.10.06"]
[SourceQuality "1"]
[WhiteTeam "Espoo MatSK"]
[BlackTeam "Porvoo Velhot"]
[WhiteTeamCountry "FIN"]
[BlackTeamCountry "FIN"]

1. d4 Nf6 2. c4 c5 3. e3 g6 4. Nc3 Bg7 5. dxc5 Qa5 6. Bd2 Qxc5 7. b4 Qc7 8. Rc1 0-0 9. Nf3 b6 10. Be2 Bb7 11. 0-0 d6 12. Qb3 e6 13. Rfd1 Qe7 14. Be1 Nc6 15. Nb5 Rfd8 1/2-1/2

[Event "FIN-chT 0910"]
[Site "Finland"]
[Date "2009.11.15"]
[Round "5.2"]
[White "Seeman, Tarvo"]
[Black "Lehtivaara, Petri"]
[Result "1-0"]
[WhiteElo "2421"]
[BlackElo "2377"]
[PlyCount "119"]
[EventDate "2009.09.19"]
[EventType "team-tourn"]
[EventRounds "9"]
[EventCountry "FIN"]
[SourceTitle "EXT 2022"]
[Source "ChessBase"]
[SourceDate "2021.10.06"]
[SourceVersion "1"]
[SourceVersionDate "2021.10.06"]
[SourceQuality "1"]
[WhiteTeam "Helsinki Aatos"]
[BlackTeam "Espoo MatSK"]
[WhiteTeamCountry "FIN"]
[BlackTeamCountry "FIN"]

1. Nf3 d5 2. g3 Nc6 3. d4 Bf5 4. Bg2 e6 5. 0-0 Nb4 6. Na3 Be7 7. c3 Na6 8. Qb3 Qc8 9. c4 c6 10. Bf4 h6 11. Rac1 Nf6 12. Nb5 Ne4 13. Nh4 Qd7 14. Nxf5 exf5 15. Nc3 dxc4 16. Qxc4 Nxc3 17. Rxc3 0-0 18. d5 cxd5 19. Qxd5 Qxd5 20. Bxd5 Nc5 21. Rfc1 Rad8 22. Bxb7 Nxb7 23. Rc7 Bc5 24. Rxb7 Bb6 25. h4 Rfe8 26. Kf1 Re4 27. h5 Red4 28. Kg2 Rd1 29. Rc2 R1d7 30. Rxd7 Rxd7 31. b4 Kf8 32. a4 Ke7 33. a5 Bd4 34. Rc6 Rb7 35. e3 Bf6 36. Ra6 Kd7 37. Bd6 Bc3 38. Bc5 Bxb4 39. Bxa7 Rb5 40. Bd4 Bxa5 41. Bxg7 f4 42. g4 fxe3 43. fxe3 f5 44. g5 f4 45. exf4 Bc7 46. gxh6 Rxh5 47. Kg3 Rh1 48. Kg4 Bd6 49. Kf5 Rh4 50. Ra7+ Kc6 51. Kg5 Rh1 52. f5 Rg1+ 53. Kf6 Bc5 54. Ra2 Rh1 55. Kg6 Rg1+ 56. Kf7 Rh1 57. Ra1 Rh3 58. Rd1 Bd6 59. Kg8 Bf4 60. h7 1-0

[Event "Corsica Masters op 13th"]
[Site "Bastia"]
[Date "2009.10.31"]
[Round "9"]
[White "Massoni, Michael"]
[Black "Lehtivaara, Petri"]
[Result "0-1"]
[WhiteElo "2291"]
[BlackElo "2377"]
[PlyCount "52"]
[EventDate "2009.10.25"]
[EventType "swiss"]
[EventRounds "9"]
[EventCountry "FRA"]
[SourceTitle "EXT 2010"]
[Source "ChessBase"]
[SourceDate "2010.11.25"]
[SourceVersion "1"]
[SourceVersionDate "2010.11.25"]
[SourceQuality "1"]

1. e4 e6 2. d4 d5 3. Nc3 Bb4 4. e5 Ne7 5. Nf3 c5 6. a3 Bxc3+ 7. bxc3 Qa5 8. Qd2 b6 9. Rb1 Ba6 10. Bxa6 Nxa6 11. 0-0 Rc8 12. Qg5 Nf5 13. Bd2 Qa4 14. dxc5 Nxc5 15. Rb4 Qd7 16. g4 h6 17. Qh5 Ne7 18. g5 g6 19. Qh3 h5 20. Nd4 Ne4 21. Nb5 Nf5 22. Rd1 Rc5 23. a4 Nxd2 24. Rxd2 0-0 25. c4 a5 26. Rb1 Rxc4 0-1